000 00560cam a22002053a 4500
001 34569
003 PGUSA
005 20140828083739.0
008 101205s2010||||xxu|||||s|||||000 | eng d
040 _aPGUSA
_beng
042 _adc
100 1 _aFiske, John,
_d1842-1901
245 1 0 _aLife Everlasting
_h[electronic resource] /
_cJohn Fiske
260 _bProject Gutenberg,
_c2010
506 _aPublic domain in the USA.
516 _aElectronic text
830 0 _aProject Gutenberg
_v34569
856 4 0 _uhttp://www.gutenberg.org/ebooks/34569
942 _cEB
999 _c263824
_d263824